00375 2200157 4500001002100000005001500021035002000036245006800056100001700124250000600141300001200147260002400159082000800183084001400191990001200205INLIS00000000000250220250604112744 a0010-06250000881 aMikro Biologi Menguak Dunia Mikroorganisme /cDrs. Koes Irianto0 aKoes Irianto a1 a225 hlm bY Rama Widya,c2006 a570 a570 KOE m a0712309